| 000 | 01294cam a22003377a 4500 | ||
|---|---|---|---|
| 001 | 14451838 | ||
| 003 | OSt | ||
| 005 | 20240624110608.0 | ||
| 008 | 060714s2006 enka 001 0 eng d | ||
| 010 | _a 2006279365 | ||
| 015 |
_aGBA581558 _2bnb |
||
| 016 | 7 |
_a013300984 _2Uk |
|
| 020 | _a9780198505105 | ||
| 020 | _a0198505108 | ||
| 035 | _a(OCoLC)ocm61756536 | ||
| 040 |
_aUKM _cMUST _dBWKUK _dBAKER _dIXA _dDLC |
||
| 042 | _alccopycat | ||
| 082 | 0 | 4 | _a532.05 VER 2007 |
| 100 | 1 |
_aSilk, Joseph, _d1942- _98147 |
|
| 245 | 1 | 4 |
_aThe infinite cosmos : _bquestions from the frontiers of cosmology / _cJoseph Silk. |
| 260 |
_aOxford ; _aNew York : _bOxford University Press, _c2007. |
||
| 300 |
_a248 p. : _bill. ; _c24 cm. |
||
| 500 | _aIncludes index. | ||
| 650 | 0 |
_aCosmology. _93606 |
|
| 856 | 4 | 1 |
_3Table of contents only _uhttp://www.loc.gov/catdir/toc/fy0611/2006279365.html |
| 856 | 4 | 2 |
_3Contributor biographical information _uhttp://www.loc.gov/catdir/enhancements/fy0726/2006279365-b.html |
| 856 | 4 | 2 |
_3Publisher description _uhttp://www.loc.gov/catdir/enhancements/fy0726/2006279365-d.html |
| 906 |
_a7 _bcbc _ccopycat _d2 _encip _f20 _gy-gencatlg |
||
| 942 |
_2ddc _cO_SHELF |
||
| 999 |
_c8731 _d8731 |
||